000 00543nam a2200193Ia 4500
003 OSt
005 20250213162924.0
008 210210b1939 xxu||||| |||| 00| 0 eng d
040 _cAL
041 _ahin
082 _a868/52
100 _aSINGH (Suryanath):
_9199539
110 _bसिंह सूर्यनाथ
_9199540
245 _aGuru Govind Singh:
_bगुरु गोविन्द सींग
260 _aPrayag
_bChatrhitakari Pustakmala
_c1939
690 _aBiography
_9199541
906 _a023777
942 _2ddc
_cBK
999 _c148742
_d148742